LIBRARY & INFORMATION CENTRE, KCAET, TAVANUR

ONLINE PUBLIC ACCESS CATALOGUE (OPAC)

Use of plant growth regulators in horticultural, plantation and medicinal plants / (Record no. 6766)

MARC details
000 -LEADER
fixed length control field 00442cam a2200145ua 4500
041 ## - LANGUAGE CODE
Language code of text/sound track or separate title eng
082 ## - DEWEY DECIMAL CLASSIFICATION NUMBER
Classification number 028.74635
Item number CHA/US
100 ## - MAIN ENTRY--AUTHOR NAME
Personal name Chadha, K.L.
245 ## - TITLE STATEMENT
Title Use of plant growth regulators in horticultural, plantation and medicinal plants /
260 ## - PUBLICATION, DISTRIBUTION, ETC. (IMPRINT)
Place of publication New Delhi :
Name of publisher Today and Tomorrow`s Printers and publishers ,
Year of publication 1972.
300 ## - PHYSICAL DESCRIPTION
Number of Pages 266 ; .
942 ## - ADDED ENTRY ELEMENTS (KOHA)
Koha item type Books
Holdings
Withdrawn status Lost status Damaged status Home library Current library Date acquired Full call number Accession Number Koha item type
      KAUAET KAUAET 07/04/2012 028.74635 14708 Reference
free website counter